Income tax act : (Record no. 128250)
[ view plain ]
| 000 -LEADER | |
|---|---|
| fixed length control field | 00920nam a22002417a 4500 |
| 005 - DATE AND TIME OF LATEST TRANSACTION | |
| control field | 20170124110037.0 |
| 010 ## - LIBRARY OF CONGRESS CONTROL NUMBER | |
| LC control number | B-059831 |
| 020 ## - INTERNATIONAL STANDARD BOOK NUMBER | |
| Terms of availability | 330.00 |
| International Standard Book Number | 8177330659 |
| 035 ## - SYSTEM CONTROL NUMBER | |
| System control number | B-059831 |
| 037 ## - SOURCE OF ACQUISITION | |
| Source of stock number/acquisition | Cen Lib/Ret |
| 040 ## - CATALOGING SOURCE | |
| Original cataloging agency | DPL |
| Language of cataloging | EN |
| 082 ## - DEWEY DECIMAL CLASSIFICATION NUMBER | |
| Classification number | 343.54002 |
| Item number | INC |
| 245 ## - TITLE STATEMENT | |
| Title | Income tax act : |
| Statement of responsibility, etc | edited by Ravi Pullani [and] Mahesh Pullani |
| Remainder of title | with departmental views, government notifications, financial act, 2001, taxation laws (amendment) act, 2000-2001, gist of supreme court rulings / |
| 250 ## - EDITION STATEMENT | |
| Edition statement | 10th ed |
| 260 ## - PUBLICATION, DISTRIBUTION, ETC. (IMPRINT) | |
| Place of publication, distribution, etc | New Delhi |
| Name of publisher, distributor, etc | Bharat Law House Pvt. Ltd. |
| Date of publication, distribution, etc | 2001 |
| 270 ## - ADDRESS | |
| Address | T-1/95, Mangolpuri industrial Area, Phase-I |
| City | New Delhi |
| Postal code | 110083 |
| 300 ## - PHYSICAL DESCRIPTION | |
| Extent | various pagings |
| Dimensions | 23cm(Hb) |
| 650 ## - SUBJECT ADDED ENTRY--TOPICAL TERM | |
| Topical term or geographic name as entry element | Direct taxation--Law and legislation |
| 9 (RLIN) | 102345 |
| 650 ## - SUBJECT ADDED ENTRY--TOPICAL TERM | |
| Topical term or geographic name as entry element | Tax planning |
| 9 (RLIN) | 102346 |
| 700 ## - ADDED ENTRY--PERSONAL NAME | |
| Personal name | Pullani, Ravi |
| 9 (RLIN) | 22819 |
| 700 ## - ADDED ENTRY--PERSONAL NAME | |
| Personal name | Pullani, Mahesh |
| 9 (RLIN) | 22820 |
| 942 ## - ADDED ENTRY ELEMENTS (KOHA) | |
| Source of classification or shelving scheme | Dewey Decimal Classification |
| Koha item type | English Books |
| Classification part | 343.54002 |
| Call number suffix | INC |
| Withdrawn status | Lost status | Damaged status | Not for loan | Home library | Current library | Date acquired | Source of acquisition | Cost, normal purchase price | Total Checkouts | Full call number | Barcode | Date last seen | Copy number | Cost, replacement price | Price effective from | Koha item type |
|---|---|---|---|---|---|---|---|---|---|---|---|---|---|---|---|---|
| Central Library | Central Library | 02/07/2015 | Cen Lib/Ret | 330.00 | 343.54002 INC | B-059831 | 02/07/2015 | 1 | 330.00 | 02/07/2015 | English Books |
